Reactivity of ANFO with pyrite containing weathering products : evaluation of additional inhibitors /

Bibliographic Details
Main Author: Miron, Yael
Corporate Author: United States. Bureau of Mines
Other Authors: Ruhe, Thomas C., Hay, J. Edmund
Format: Government Document Book
Language:English
Published: Pgh. [i.e. Pittsburgh], Pa. : U.S. Dept. of the Interior, Bureau of Mines, 1982.
Series:Report of investigations (United States. Bureau of Mines) ; 8727.
Subjects:

MARC

Tag First Indicator Second Indicator Subfields
LEADER 00000cam a22000008a 4500
001 in00000835239
005 20151019051249.0
008 820801s1982 paua b f00010 eng d
010 |a gp 83013783  
010 |a  82600253  
035 |a (OCoLC)08708970 
035 |9 ADZ1417AM 
039 0 |a 2  |b 3  |c 3  |d 3  |e 3 
040 |a DLC  |c DLC  |d GPO  |d UtOrBLW 
050 0 |a TN23  |b .U43 
074 |a 637-A 
082 0 |a 622 s  |a 622/.23  |2 19 
086 0 |a I 28.23:8727 
100 1 |a Miron, Yael. 
245 1 0 |a Reactivity of ANFO with pyrite containing weathering products :  |b evaluation of additional inhibitors /  |c by Yael Miron, Thomas C. Ruhe, and J. Edmund Hay. 
264 1 |a Pgh. [i.e. Pittsburgh], Pa. :  |b U.S. Dept. of the Interior, Bureau of Mines,  |c 1982. 
300 |a 14 pages :  |b illustrations ;  |c 28 cm. 
336 |a text  |b txt  |2 rdacontent 
337 |a unmediated  |b n  |2 rdamedia 
338 |a volume  |b nc  |2 rdacarrier 
490 1 |a Report of investigations ;  |v 8727 
504 |a Includes bibliographical references. 
650 0 |a Ammonium nitrate fuel oil. 
650 0 |a Pyrites. 
650 0 |a Explosions. 
700 1 |a Ruhe, Thomas C. 
700 1 |a Hay, J. Edmund. 
710 1 |a United States.  |b Bureau of Mines. 
830 0 |a Report of investigations (United States. Bureau of Mines) ;  |v 8727. 
999 |a MARS 
999 f f |s cfb39978-d551-39ad-ae8c-eb6f72c7507d  |i de760e06-514b-3d9a-9513-9ed9c69fc3d6  |t 0 
952 f f |p normal  |a Texas A&M University  |b College Station  |c Sterling C. Evans Library  |d Evans: US Documents (Annex 5th floor)  |t 0  |e I 28.23:8727  |h Superintendent of Documents classification  |i unmediated -- volume  |m A14838317551 
998 f f |a I 28.23:8727  |t 0  |l Evans: US Documents (Annex 5th floor)